000 00718nam a22002657a 4500
001 0074
003 DO-SdBNP
005 20180124144441.0
007 0074
008 151027b sp 1971 xxu||||| |||| 00| 0 spa d
040 _aBPMSU
_bspa
_cBPMSU
092 _axxxxxxxx
_bxxxxxxxx
100 1 0 _aWiseman, Cardenal
245 1 0 _aFabiola /
_cCardenal Wiseman
250 _a3a ed.
260 _aEspaña :
_bBruguera,
_c1971.
300 _a254 p. :
_bil.,
_c20 cm.
490 1 0 _aHistorias selección
490 1 0 _aClásicos juveniles
_v2
830 0 0 _aHistorias selección
830 0 0 _aClásicos juveniles
_n2
942 _2ddc
_cBK
945 _aInventariado, 2018 / BT
956 _aBTAVAREZ
_b10
_c20180124
_dBPMSU
_f0038
999 _c8477
_d8477